000
00254nam a2200097Ia 4500
001
842706
005
20250826173228.0
008
250824s9999 xx 000 0 und d
245
0
_a
ÇOCUK ŞİİRLERİ ANTOLOJİSİ
_c
METİN CELAL
260
_b
ÇINAR YAYINLARI
999
_c
842706
_d
842706